Statistiken für Häuser in Zeichentrickserien

Klicken Sie hier um das Quiz zu spielen!

Allgemein

  • Dieses Quiz wurde 271 mal gespielt
  • Das Durchschnittsergebnis liegt bei 11 aus 20

Antwortstatistiken

Antwort% Korrekt
SpongeBob Schwammkopf
98%
Die Simpsons
93%
South Park
80%
Family Guy
78%
Futurama
67%
Kim Possible
67%
Disneys Gummibärenbande
63%
Peppa Pig
62%
Cosmo und Wanda - Wenn Elfen helfen
58%
Phineas und Ferb
58%
Rick and Morty
45%
Dragonball Z
44%
Pokémon
44%
Bob’s Burgers
42%
Willkommen in Gravity Falls
39%
Adventure Time – Abenteuerzeit mit Finn und Jake
35%
Powerpuff Girls
30%
BoJack Horseman​
26%
Pinky & der Brain
20%
Willkommen im Haus der Eulen
9%

Verteilung der Resultate

Perzentil nach korrekt beantworteten Fragen

Anzahl Personen mit jedem Resultat

Ihre Resultats-Entwicklung

Sie haben dieses Quiz noch nicht gespielt